Distributed Intelligence Systems : Konf. IFAC Sympozium, 13-15 August 1991, Arlington

Enregistré dans:
Détails bibliographiques
Format: Livre
Langue:anglais
Publié: Oxford : Pergamon Press, 1992
Tags: Ajouter un tag
Pas de tags, Soyez le premier à ajouter un tag!

MARC

LEADER 00000nam a22000003a 4500
001 stu32201
005 20150408180949.7
008 950419s1992----uk------------------eng-d
020 |a 0-08-041272-6 
040 |a STU  |b slo 
041 0 |a eng 
044 |a uk 
080 |a 681.51 
245 |a Distributed Intelligence Systems :  |b Konf. IFAC Sympozium, 13-15 August 1991, Arlington 
260 |a Oxford :  |b Pergamon Press,  |c 1992 
300 |a 256 s 
996 |b J88652  |c J*88652  |l JJST  |s P  |a 0  |w stu32201_0001